Focus on foundation : (Record no. 7668)

MARC details
000 -LEADER
fixed length control field 00763nam a22002057a 4500
003 - CONTROL NUMBER IDENTIFIER
control field GBCCL
005 - DATE AND TIME OF LATEST TRANSACTION
control field 20241126110633.0
008 - FIXED-LENGTH DATA ELEMENTS--GENERAL INFORMATION
fixed length control field 180910b ||||| |||| 00| 0 eng d
040 ## - CATALOGING SOURCE
Transcribing agency GBC
082 ## - DEWEY DECIMAL CLASSIFICATION NUMBER
Classification number 220.13
Item number NIC
100 ## - MAIN ENTRY--PERSONAL NAME
Personal name Nicholls, Bruce J.
9 (RLIN) 13513
245 ## - TITLE STATEMENT
Title Focus on foundation :
Remainder of title the evangelical witness to the Bible/
Statement of responsibility, etc. by Bruce J. Nicholls, Wesley L. Duewel, E. Ahmad-Shah.
260 ## - PUBLICATION, DISTRIBUTION, ETC.
Date of publication, distribution, etc. 1966.
Place of publication, distribution, etc. New Delhi :
Name of publisher, distributor, etc. Published for the Evangelical Theological Commission of the Evangelical Fellowship of India by M.S. Sanstha,
300 ## - PHYSICAL DESCRIPTION
Extent 70 pages ; 18 cm.
440 ## - SERIES STATEMENT/ADDED ENTRY--TITLE
Title E.T.C. series, 1
9 (RLIN) 13514
650 ## - SUBJECT ADDED ENTRY--TOPICAL TERM
Topical term or geographic name entry element Bible -- Evidences, authority, etc.
9 (RLIN) 13500
650 ## - SUBJECT ADDED ENTRY--TOPICAL TERM
Topical term or geographic name entry element Bible -- Inspiration.
9 (RLIN) 13501
650 ## - SUBJECT ADDED ENTRY--TOPICAL TERM
Topical term or geographic name entry element Revelation.
9 (RLIN) 1795
942 ## - ADDED ENTRY ELEMENTS (KOHA)
Source of classification or shelving scheme Dewey Decimal Classification
Koha item type Books
Holdings
Withdrawn status Lost status Source of classification or shelving scheme Damaged status Not for loan Home library Current Library Shelving location Date acquired Total checkouts Full call number Barcode Date last seen Copy number Price effective from Koha item type
    Dewey Decimal Classification     GRACE BIBLE COLLEGE GRACE BIBLE COLLEGE Biblical Studies 2018-09-10   220.13 NIC 003677 2025-05-01 c.1 2018-09-10 Books
© Grace Bible College Library 2025